Countries with birds in their flags- sudden death - Statistics

General Stats
  • This quiz has been taken 19 times
  • The average score is 6 of 13
Answers on the Grid
Answers color-coded by a green-red scale on the quiz's grid according to % correct below.
Uganda
Namibia
Buhtan
Kazakistan
Kiribati
Liberia
Japan
Mexico
Iraq
Egypt
Dominica
Iran
Papua new guinea
Malta
Russia
Thailand
Ecuador
Fiji
Bahamas
Switzerland
Trinidad and Tobago
Guatemala
Montenegro
Romania
Moldova
Zimbabwe
Grenada
Madagascar
Mauritius
Comoros
 
Answer Stats
Answer % Correct
Uganda
75%
Mexico
67%
Ecuador
58%
Egypt
58%
Montenegro
58%
Papua new guinea
50%
Guatemala
42%
Moldova
42%
Dominica
33%
Kazakistan
33%
Zimbabwe
33%
Fiji
25%
Kiribati
25%
No matching quizzes found
Score Distribution
Percent of People with Each Score
Percentile by Number Answered
Your Score History
You have not taken this quiz